[Event "zonal 3.2a"]
[Site "Yangon MYA"]
[Date "1998.12.16"]
[Round "9"]
[White "Sharavdorj, Dashzeveg"]
[Black "Nadera, Barlo"]
[Result "1-0"]
[WhiteElo "2385"]
[BlackElo "2400"]
[EventDate "1998.12.??"]
[PlyCount "65"]

1.Nf3 d5 2.d4 e6 3.c4 c6 4.Qc2 Nf6 5.Bg5 Nbd7 6.cxd5 exd5 7.Nc3 Be7 8.e3 
O-O 9.Bd3 Re8 10.h3 Nf8 11.Bf4 Bd6 12.Bxd6 Qxd6 13.O-O-O b5 14.Kb1 a5 15.
Rc1 Be6 16.g4 N6d7 17.Ng5 h6 18.Nf3 Nb6 19.g5 h5 20.Ne2 Nc4 21.g6 fxg6 22.
Nf4 Bf7 23.Rcg1 Re4 24.Ng5 Rxf4 25.exf4 Qxf4 26.Nxf7 Kxf7 27.Bxg6+ Kg8 28.
Bxh5 Qxd4 29.Rg4 Qf6 30.Rhg1 Ra7 31.Rg5 Re7 32.Rf5 Qd4 33.Rxf8+ 1-0

[Event "zonal 3.2a"]
[Site "Yangon MYA"]
[Date "1998.12.16"]
[Round "9"]
[White "Watanabe, Akira"]
[Black "Zaw Win Lay"]
[Result "1-0"]
[WhiteElo "2350"]
[BlackElo "2465"]
[EventDate "1998.12.??"]
[PlyCount "135"]

1.d4 Nf6 2.c4 g6 3.Nc3 Bg7 4.e4 d6 5.Nf3 O-O 6.Be2 e5 7.O-O Nc6 8.d5 Ne7 
9.Nd2 Nd7 10.b4 a5 11.bxa5 Rxa5 12.Nb3 Ra8 13.a4 f5 14.a5 Kh8 15.f3 Ng8 
16.c5 Nxc5 17.Nxc5 dxc5 18.Be3 b6 19.axb6 Rxa1 20.Qxa1 cxb6 21.Qa7 Bh6 22.
Bxh6 Nxh6 23.Qb8 Nf7 24.Na4 Qg5 25.f4 exf4 26.Nxb6 f3 27.Bxf3 fxe4 28.Bd1 
Qe3+ 29.Kh1 Qd3 30.Rg1 Kg7 31.Nxc8 Qxd5 32.Nb6 Rxb8 33.Nxd5 Ne5 34.Nc3 Rb4
35.h3 Rc4 36.Nd5 Rd4 37.Ne3 Rd2 38.Rf1 c4 39.Kg1 c3 40.Bb3 Re2 41.Ng4 Nxg4
42.hxg4 Kh6 43.Rc1 Kg5 44.Rxc3 Rd2 45.Rc2 Rd4 46.Be6 Kf4 47.Kf2 e3+ 48.Ke2
Re4 49.Bd5 Re5 50.Bf3 h5 51.Rc4+ Kg3 52.Rc6 Rg5 53.gxh5 gxh5 54.Rc1 Kh2 
55.Kxe3 h4 56.Rc4 Kg3 57.Rc1 Re5+ 58.Be4 Ra5 59.Rh1 Ra3+ 60.Kd4 Ra4+ 61.
Ke5 Ra5+ 62.Bd5 Kg4 63.Rh3 Kg5 64.Rc3 Ra7 65.Rc8 Re7+ 66.Be6 Rg7 67.Rh8 
Ra7 68.Rg8+ 1-0

[Event "zonal 3.2a"]
[Site "Yangon MYA"]
[Date "1998.12.16"]
[Round "9"]
[White "Wong Zi Jing"]
[Black "Handoko, Edhi"]
[Result "1/2-1/2"]
[WhiteElo "2120"]
[BlackElo "2470"]
[EventDate "1998.12.??"]
[PlyCount "107"]

1.e4 e5 2.Nf3 Nf6 3.Bc4 Nc6 4.d3 Be7 5.Nc3 d6 6.h3 Na5 7.Bb5+ c6 8.Ba4 b5 
9.Bb3 O-O 10.O-O Qc7 11.Nh2 Nxb3 12.axb3 d5 13.Qf3 Bb7 14.Ng4 Nxg4 15.Qxg4
f5 16.Qe2 b4 17.Nd1 a5 18.exd5 cxd5 19.f4 e4 20.Be3 Bf6 21.Qf2 Ba6 22.Bb6 
Qb7 23.Rxa5 exd3 24.cxd3 Bxd3 25.Rxa8 Rxa8 26.Re1 Be4 27.Bd4 Qf7 28.Qd2 
Be7 29.Nf2 Rd8 30.Nd3 Rc8 31.Rc1 Rxc1+ 32.Nxc1 Qg6 33.Nd3 Qg3 34.Nc5 h6 
35.Ne6 Bd6 36.Qf2 Qxb3 37.Nxg7 Kf7 38.Qe2 Qg3 39.Nh5 Qg6 40.Kh2 Bxg2 41.
Qxg2 Qxh5 42.Qxd5+ Ke7 43.Bf6+ Kd7 44.Be5 Qe2+ 45.Kg3 Qe1+ 46.Kg2 Qe4+ 47.
Qxe4 fxe4 48.Bxd6 Kxd6 49.Kf2 Ke6 50.b3 h5 51.h4 Kf6 52.Ke2 Ke6 53.Kf2 Kf6
54.Ke2 1/2-1/2

[Event "zonal 3.2a"]
[Site "Yangon MYA"]
[Date "1998.12.16"]
[Round "9"]
[White "Zaw Oo"]
[Black "Utut Adianto"]
[Result "0-1"]
[WhiteElo "2340"]
[BlackElo "2610"]
[EventDate "1998.12.??"]
[PlyCount "120"]

1.e4 c6 2.d4 d5 3.e5 Bf5 4.Nf3 e6 5.Be2 Ne7 6.O-O Nd7 7.Nh4 Bg6 8.Nd2 c5 
9.c3 a6 10.Nxg6 hxg6 11.Nf3 Nf5 12.g3 Be7 13.Kg2 cxd4 14.cxd4 Qb6 15.a3 
Nb8 16.Bd2 Nc6 17.Bc3 Bd8 18.b4 Qa7 19.Qd2 Rc8 20.Rfd1 Bb6 21.a4 a5 22.b5 
Nce7 23.Rac1 O-O 24.Bb2 Qb8 25.Ba3 Rxc1 26.Rxc1 Qd8 27.g4 Nh6 28.Ng5 Qd7 
29.Rc3 f6 30.exf6 Rxf6 31.f4 Bc7 32.Nh3 Rf8 33.Qc1 Bb8 34.Bc5 Nf7 35.Bd3 
g5 36.Bb1 Nd6 37.Nxg5 Ne4 38.Nxe4 dxe4 39.f5 Nd5 40.Ba2 Re8 41.fxe6 Rxe6 
42.Kh1 Bf4 43.Qc2 Nxc3 44.Qxc3 Kh8 45.Bxe6 Qxe6 46.Qh3+ Kg8 47.Qg2 Qc4 48.
Qf2 g5 49.Kg2 Kg7 50.h4 Qe6 51.Kh3 e3 52.Qe2 b6 53.h5 bxc5 54.dxc5 Qd5 55.
Qg2 Qxc5 56.Qb7+ Bc7 57.Qa6 Qe5 58.Qg6+ Kf8 59.Qh6+ Ke8 60.Qg6+ Kd7 0-1